| 000 | 006200000a22001810004500 | ||
|---|---|---|---|
| 003 | MACL | ||
| 005 | 20160515115854.0 | ||
| 008 | 160515b xxu||||| |||| 00| 0 eng d | ||
| 040 |
_aMACL _cMACL |
||
| 041 | _aHindi | ||
| 082 | _a080 | ||
| 100 |
_aशर्मा, मोहन लाल _957368 |
||
| 245 |
_aजीवन को उपयोगी कैसे बनायें _cमोहन लाल शर्मा |
||
| 260 |
_aनई दिल्ली _c2010 _bनीतिका प्रकाशन |
||
| 350 | _a225 | ||
| 650 |
_aसामान्य वर्ग _936 |
||
| 942 |
_cHIN _k080 _2ddc |
||
| 999 |
_c46149 _d46149 |
||